| 000 | 00638nam a2200229u 4500 | ||
|---|---|---|---|
| 001 | 20657 | ||
| 003 | BD-RjUL | ||
| 005 | 20211209000608.0 | ||
| 008 | 830325m19509999inua 000 0 eng | ||
| 035 | _a(BD-RjUL)20719 | ||
| 040 |
_aDLC _cCarP _dDLC _beng |
||
| 041 | _aeng | ||
| 082 |
_a428.64951 _bBUR 1957 |
||
| 100 | 1 |
_aBurton, William H. _q(William Henry), _d1890-1964. _963740 |
|
| 245 | 1 | 0 | _aReading for living series / |
| 260 |
_aIndianapolis : _bBobbs-Merrill , _c1954 |
||
| 300 |
_a185 p. : _billus. (part col.) ; _c21 cm. |
||
| 650 | 0 |
_aReaders. _963741 |
|
| 942 |
_2ddc _cBK |
||
| 999 |
_c20657 _d20657 |
||